Normal view
MARC view
Entry Personal Name
001 - CONTROL NUMBER
- control field: 165588
003 - CONTROL NUMBER IDENTIFIER
- control field: OSt
005 - DATE AND TIME OF LATEST TRANSACTION
- control field: 20220923221651.0
008 - FIXED-LENGTH DATA ELEMENTS
- fixed length control field: 220923|| aca||aabn | a|a d
040 ## - CATALOGING SOURCE
- Original cataloging agency: OSt
- Transcribing agency: OSt
100 ## - HEADING--PERSONAL NAME
- Personal name: जगन्नाथ, वी0 रा
670 ## - SOURCE DATA FOUND
- Source citation: Work cat.: (OSt)350964: जगन्नाथ, वी0 रा, हिन्दी और तमिल की समानस्त्रीतीय भिन्नार्थी शब्दावली, 1974
